| 000 | 00705nam a22002057a 4500 | ||
|---|---|---|---|
| 999 |
_c194819 _d194819 |
||
| 005 | 20230120154621.0 | ||
| 010 | _aENG-136031 | ||
| 020 |
_a9789380097053 _c180.00 |
||
| 035 | _aEN-119563 | ||
| 037 | _bDBAD/PUB | ||
| 082 | _a158.1 | ||
| 100 | _aKulshrestha, Nikhil | ||
| 245 |
_aValues and ethics/ _cNikhil Kulshrestha, Sandeep Sharma [and] Shweta Dutt Sharma |
||
| 260 |
_aDarya Ganj _bVayu education of india _c2009 |
||
| 270 |
_a2/25, Ansari road, Darya ganj _bNew Delhi _e110002 _k011-65235268 _mvei@veiindia.com |
||
| 300 |
_a196p. _c24cm(pbk) _bGlossary and Index |
||
| 700 |
_aSharma, Sandeep _eAuthor |
||
| 700 |
_aSharma, Shweta Dutt _eAuthor |
||
| 942 |
_2ddc _cEN _h158.1 _mKUL |
||